[Event "AUT-chT2M 2324"]
[Site "Austria"]
[Date "2024.03.16"]
[Round "7.3"]
[White "Huber, Martin Christian"]
[Black "Tratar, Marko"]
[Result "1/2-1/2"]
[WhiteElo "2346"]
[BlackElo "2383"]
[PlyCount "85"]
[EventDate "2023.11.03"]
[EventType "team-tourn"]
[EventRounds "11"]
[EventCountry "AUT"]
[SourceTitle "CB16_2024"]
[SourceDate "2024.04.17"]
[SourceVersion "1"]
[SourceVersionDate "2024.04.17"]
[SourceQuality "1"]
[WhiteTeam "Graz Schachfreunde"]
[BlackTeam "Frauental"]
[WhiteTeamCountry "AUT"]
[BlackTeamCountry "AUT"]

1. d4 Nf6 2. c4 e6 3. Nf3 Bb4+ 4. Nbd2 0-0 5. a3 Bxd2+ 6. Qxd2 d5 7. Qc2 dxc4 8. Qxc4 b6 9. Bg5 Ba6 10. Qa4 c5 11. dxc5 bxc5 12. Rd1 Qb6 13. Bxf6 gxf6 14. Rb1 Rd8 15. e3 Bxf1 16. Rxf1 Nc6 17. Ke2 Na5 18. Rfc1 c4 19. Rc2 Rac8 20. Nd2 c3 21. bxc3 Rxd2+ 22. Rxd2 Qxb1 23. Qxa5 Qc1 24. Rd8+ Rxd8 25. Qxd8+ Kg7 26. Qa5 Qc2+ 27. Kf3 Qd1+ 28. Kg3 Qd6+ 29. Kh3 Qd2 30. Qxa7 Qxf2 31. Qd4 h5 32. a4 Qf5+ 33. Kg3 e5 34. Qc4 Qg6+ 35. Kf2 Qc2+ 36. Qe2 Qe4 37. Qxh5 Qc2+ 38. Kg3 Qxc3 39. Qg4+ Kf8 40. Qf3 Kg7 41. Qg4+ Kf8 42. Qf3 Kg7 43. Qg4+ 1/2-1/2

[Event "AUT-chT2M 2324"]
[Site "Austria"]
[Date "2024.03.15"]
[Round "6.3"]
[White "Tratar, Marko"]
[Black "Schreiner, Till"]
[Result "1/2-1/2"]
[WhiteElo "2383"]
[BlackElo "2330"]
[PlyCount "100"]
[EventDate "2023.11.03"]
[EventType "team-tourn"]
[EventRounds "11"]
[EventCountry "AUT"]
[SourceTitle "CB16_2024"]
[SourceDate "2024.04.17"]
[SourceVersion "1"]
[SourceVersionDate "2024.04.17"]
[SourceQuality "1"]
[WhiteTeam "Frauental"]
[BlackTeam "Graz Styria"]
[WhiteTeamCountry "AUT"]
[BlackTeamCountry "AUT"]

1. Nf3 Nf6 2. c4 c6 3. Nc3 d5 4. e3 e6 5. d4 Nbd7 6. Be2 Bd6 7. Qc2 b6 8. 0-0 0-0 9. e4 Nxe4 10. Nxe4 dxe4 11. Qxe4 Bb7 12. Bg5 Qc7 13. Bd3 g6 14. Rfe1 Rfe8 15. Qh4 c5 16. Be4 cxd4 17. Bxb7 Qxb7 18. Qxd4 Bf8 19. Rad1 Nc5 20. Bf6 Be7 21. Bh8 Bf8 22. Bf6 Be7 23. b4 Rad8 24. Qh4 Bxf6 25. Qxf6 Rxd1 26. Rxd1 Ne4 27. Qd4 f6 28. Re1 f5 29. Rd1 Qe7 30. a3 e5 31. Qd7 Nc3 32. Rd3 Ne2+ 33. Kf1 Nf4 34. Qxe7 Rxe7 35. Rd8+ Kg7 36. g3 Ne6 37. Rd6 Kf6 38. Ke2 Rc7 39. Nd2 Ke7 40. Rd5 e4 41. f3 exf3+ 42. Kxf3 Rd7 43. Rxd7+ Kxd7 44. Ke3 Kd6 45. Nf3 a6 46. h4 h6 47. Nd2 Ke5 48. Nf3+ Kd6 49. Nd2 Ke5 50. Nf3+ Kd6 1/2-1/2

[Event "Palmanova op 12th"]
[Site "Palmanova"]
[Date "2023.12.10"]
[Round "4"]
[White "Gennari, Jacopo"]
[Black "Tratar, Marko"]
[Result "0-1"]
[WhiteElo "2108"]
[BlackElo "2380"]
[PlyCount "66"]
[EventDate "2023.12.08"]
[EventType "swiss"]
[EventRounds "5"]
[EventCountry "ITA"]
[SourceTitle "CB50_2023"]
[SourceDate "2023.12.13"]
[SourceVersion "1"]
[SourceVersionDate "2023.12.13"]
[SourceQuality "1"]

1. d4 e6 2. c4 b6 3. Nf3 Bb7 4. g3 Bb4+ 5. Bd2 Bxf3 6. exf3 Bxd2+ 7. Nxd2 Ne7 8. Bg2 d5 9. f4 Nbc6 10. cxd5 Nxd5 11. Qa4 Qd7 12. 0-0 Nce7 13. Qc2 Rc8 14. Ne4 Nf5 15. Rfd1 Nde7 16. a3 0-0 17. Rd3 h6 18. Rad1 Rfd8 19. Bh1 c6 20. b4 Qc7 21. h4 Rd7 22. h5 Rcd8 23. Qb2 Nc8 24. g4 Nfe7 25. Qc1 Nd5 26. Rf3 Nd6 27. Ng3 Ne7 28. a4 b5 29. Rc3 Nc4 30. Bxc6 Nxc6 31. axb5 Nxd4 32. Rxc4 Ne2+ 33. Kg2 Qb7+ 0-1

[Event "SLO-ch 33rd"]
[Site "Radenci"]
[Date "2023.04.26"]
[Round "2"]
[White "Kodric, Gasper"]
[Black "Tratar, Marko"]
[Result "0-1"]
[WhiteElo "2037"]
[BlackElo "2392"]
[PlyCount "138"]
[EventDate "2023.04.25"]
[EventType "team-match"]
[EventRounds "9"]
[EventCountry "SLO"]
[SourceTitle "CBM 214 Extra"]
[Source "ChessBase"]
[SourceDate "2023.07.31"]
[SourceVersion "1"]
[SourceVersionDate "2023.07.31"]
[SourceQuality "1"]

1. c4 e5 2. g3 Be7 3. Bg2 f5 4. d4 d6 5. Nc3 Nf6 6. Nf3 e4 7. Ng5 c6 8. d5 h6 9. Nh3 Nbd7 10. 0-0 Nb6 11. b3 g5 12. f3 cxd5 13. cxd5 exf3 14. exf3 Kf7 15. Re1 Ne8 16. Bb2 Bf6 17. Qd2 Bd7 18. f4 g4 19. Nf2 Ng7 20. Nfd1 h5 21. Ne3 h4 22. Ne2 Bxb2 23. Qxb2 Qf6 24. Qxf6+ Kxf6 25. Nd4 Rhc8 26. Rac1 a5 27. a3 hxg3 28. hxg3 Rc5 29. Ne2 Ne8 30. Rxc5 dxc5 31. Rc1 Rc8 32. Kf2 Nd6 33. Nc4 Nbxc4 34. bxc4 Rb8 35. Rc2 Ba4 36. Rc3 b6 37. Nc1 b5 38. cxb5 Rxb5 39. Re3 Rb2+ 40. Ne2 Bd7 41. Ke1 a4 42. Rc3 Bb5 43. Bf1 Ne4 44. Rc1 Rb3 45. Ra1 Ke7 46. Kd1 Rf3 47. Ke1 Rxf1+ 48. Kxf1 Nxg3+ 49. Kf2 Nxe2 50. Rb1 Nc3 51. Rc1 Ne4+ 52. Ke3 Kd6 53. Rb1 Nc3 54. Rh1 Nxd5+ 55. Kf2 Nxf4 56. Rh6+ Ke5 57. Rb6 Nd3+ 58. Kg3 Bd7 59. Rb7 f4+ 60. Kh2 g3+ 61. Kg1 Bc6 62. Rc7 Bd5 63. Re7+ Kd4 64. Re2 f3 65. Rg2 f2+ 66. Rxf2 gxf2+ 67. Kf1 Be6 68. Ke2 Bh3 69. Kd2 f1Q 0-1

[Event "Nova Gorica op 27th"]
[Site "Nova Gorica"]
[Date "2023.03.19"]
[Round "4"]
[White "Tratar, Marko"]
[Black "Garsky, Vladyslav"]
[Result "1-0"]
[WhiteElo "2397"]
[BlackElo "2253"]
[PlyCount "73"]
[EventDate "2023.03.16"]
[EventType "swiss"]
[EventRounds "9"]
[EventCountry "SLO"]
[SourceTitle "CBM 213 Extra"]
[Source "ChessBase"]
[SourceDate "2023.05.31"]
[SourceVersion "1"]
[SourceVersionDate "2023.05.31"]
[SourceQuality "1"]

1. Nf3 d5 2. g3 g6 3. c4 dxc4 4. Na3 Bg7 5. Nxc4 Nc6 6. d3 e5 7. Bd2 Be6 8. Rc1 Nge7 9. Bg2 0-0 10. 0-0 Qd7 11. Re1 Rad8 12. Qc2 Nf5 13. Bc3 f6 14. Ncd2 a5 15. a3 Ra8 16. b3 Nce7 17. e4 Nd6 18. d4 exd4 19. Nxd4 Bh3 20. Bxh3 Qxh3 21. b4 Qd7 22. Qb3+ Rf7 23. bxa5 c5 24. Qe6 Qc7 25. N4b3 b6 26. axb6 Qxb6 27. Ba5 Qa6 28. Rxc5 Nec8 29. Rec1 Bf8 30. Bb4 Qe2 31. Rxc8 Rxc8 32. Rxc8 Nxc8 33. Qxc8 Kg7 34. Bxf8+ Rxf8 35. Qc4 Qe1+ 36. Kg2 h5 37. h4 1-0

[Event "AUT-chT2M 2223"]
[Site "Austria"]
[Date "2022.10.23"]
[Round "6.1"]
[White "Ivanisevic, Ivan"]
[Black "Tratar, Marko"]
[Result "1-0"]
[WhiteElo "2547"]
[BlackElo "2409"]
[PlyCount "41"]
[EventDate "2022.09.30"]
[EventType "team-tourn"]
[EventRounds "11"]
[EventCountry "AUT"]
[SourceTitle "EXT 2024"]
[Source "ChessBase"]
[SourceDate "2023.10.10"]
[SourceVersion "1"]
[SourceVersionDate "2023.10.10"]
[SourceQuality "1"]
[WhiteTeam "Pinggau Friedberg"]
[BlackTeam "Frauental"]
[WhiteTeamCountry "AUT"]
[BlackTeamCountry "AUT"]

1. d4 e6 2. c4 Bb4+ 3. Nc3 c5 4. e3 cxd4 5. exd4 Ne7 6. Bd3 d5 7. Nf3 Nbc6 8. 0-0 h6 9. c5 b6 10. cxb6 Bxc3 11. b7 Bxb7 12. bxc3 Qa5 13. Qe2 0-0 14. Rb1 Qc7 15. Re1 Rfe8 16. g3 Ng6 17. h4 Nce7 18. h5 Nf8 19. Bf4 Qc8 20. Ne5 a5 21. Bxh6 1-0

[Event "AUT-chT2M 2223"]
[Site "Austria"]
[Date "2022.10.02"]
[Round "3.1"]
[White "Tratar, Marko"]
[Black "Ruck, Robert"]
[Result "1/2-1/2"]
[WhiteElo "2409"]
[BlackElo "2542"]
[PlyCount "45"]
[EventDate "2022.09.30"]
[EventType "team-tourn"]
[EventRounds "11"]
[EventCountry "AUT"]
[SourceTitle "CBM 210 Extra"]
[Source "ChessBase"]
[SourceDate "2022.11.30"]
[SourceVersion "1"]
[SourceVersionDate "2022.11.30"]
[SourceQuality "1"]
[WhiteTeam "Frauental"]
[BlackTeam "Fuerstenfeld/Hartberg"]
[WhiteTeamCountry "AUT"]
[BlackTeamCountry "AUT"]

1. Nf3 c5 2. c4 Nf6 3. Nc3 Nc6 4. g3 g6 5. Bg2 d6 6. d4 cxd4 7. Nxd4 Bd7 8. 0-0 Bg7 9. Nxc6 Bxc6 10. e4 0-0 11. Bd2 a5 12. b3 Nd7 13. Qe2 Nc5 14. Rab1 e6 15. Rfd1 Qb6 16. Be1 Rfd8 17. Qe3 Rac8 18. Ne2 Ra8 19. Nc3 Rac8 20. Ne2 Ra8 21. Nc3 Rac8 22. Ne2 Ra8 23. Nc3 1/2-1/2

[Event "AUT-chT2M 2223"]
[Site "Austria"]
[Date "2022.10.01"]
[Round "2.1"]
[White "Csonka, Balazs"]
[Black "Tratar, Marko"]
[Result "1/2-1/2"]
[WhiteElo "2495"]
[BlackElo "2409"]
[PlyCount "61"]
[EventDate "2022.09.30"]
[EventType "team-tourn"]
[EventRounds "11"]
[EventCountry "AUT"]
[SourceTitle "CBM 210 Extra"]
[Source "ChessBase"]
[SourceDate "2022.11.30"]
[SourceVersion "1"]
[SourceVersionDate "2022.11.30"]
[SourceQuality "1"]
[WhiteTeam "Graz Schachfreunde"]
[BlackTeam "Frauental"]
[WhiteTeamCountry "AUT"]
[BlackTeamCountry "AUT"]

1. e4 e6 2. d4 d5 3. e5 c5 4. c3 Nc6 5. Nf3 Bd7 6. Be2 Nge7 7. 0-0 Ng6 8. g3 cxd4 9. cxd4 f6 10. exf6 gxf6 11. Nc3 Kf7 12. Re1 a6 13. Bd3 Bd6 14. Bh6 Nce7 15. Qb3 Bc6 16. Re2 Re8 17. Rae1 Ng8 18. Bd2 Qc7 19. a4 Re7 20. h4 Kg7 21. Kg2 Rae8 22. h5 Nf8 23. Qc2 Rc8 24. Rh1 Qd8 25. Qb1 Bb4 26. Bc2 Qd7 27. Qd1 Bd6 28. Rh4 Rce8 29. Kg1 Kh8 30. Bc1 Rg7 31. Bf4 1/2-1/2

[Event "SLO-ch 32nd"]
[Site "Radenci"]
[Date "2022.07.05"]
[Round "4"]
[White "Tratar, Marko"]
[Black "Crepan, Marjan"]
[Result "1-0"]
[WhiteElo "2406"]
[BlackElo "2293"]
[PlyCount "85"]
[EventDate "2022.07.03"]
[EventType "swiss"]
[EventRounds "9"]
[EventCountry "SLO"]
[SourceTitle "EXT 2023"]
[Source "ChessBase"]
[SourceDate "2022.10.05"]
[SourceVersion "1"]
[SourceVersionDate "2022.10.05"]
[SourceQuality "1"]

1. c4 Nf6 2. d4 c6 3. Nc3 d5 4. e3 e6 5. Nf3 Bd6 6. Bd3 Nbd7 7. 0-0 dxc4 8. Bxc4 e5 9. dxe5 Bxe5 10. Nxe5 Nxe5 11. Qxd8+ Kxd8 12. Be2 Re8 13. e4 Ng6 14. Rd1+ Bd7 15. f3 Kc7 16. Be3 b6 17. Rac1 Kb7 18. g4 h6 19. h4 Rad8 20. h5 Nf8 21. Kf2 N8h7 22. Kg3 Ng5 23. b3 c5 24. Bc4 Re7 25. Bf4 Ne6 26. Bd6 Ree8 27. e5 Nh7 28. f4 Bc6 29. Nd5 Nd4 30. Nc7 b5 31. Bxf7 Ne2+ 32. Kf2 Nxc1 33. Bxe8 Nxa2 34. Bxc6+ Kxc6 35. Ne6 Rg8 36. Bxc5 b4 37. Ra1 Nc3 38. Bxb4 Nd5 39. Ra6+ Kb7 40. Nc5+ Ka8 41. Bd2 Rc8 42. b4 Nb6 43. Ra3 1-0

[Event "EU-ch 22nd"]
[Site "Terme Catez"]
[Date "2022.03.29"]
[Round "3"]
[White "Tratar, Marko"]
[Black "Kadric, Denis"]
[Result "0-1"]
[WhiteElo "2417"]
[BlackElo "2573"]
[PlyCount "64"]
[EventDate "2022.03.27"]
[EventType "swiss"]
[EventRounds "11"]
[EventCountry "SLO"]
[SourceTitle "CBM 208"]
[Source "ChessBase"]
[SourceDate "2022.06.30"]
[SourceVersion "1"]
[SourceVersionDate "2022.06.30"]
[SourceQuality "1"]

1. Nf3 d6 2. d4 Nf6 3. c4 g6 4. Nc3 Bf5 5. e3 Bg7 6. Bd3 Bxd3 7. Qxd3 0-0 8. e4 Nbd7 9. h3 e5 10. dxe5 dxe5 11. Be3 c6 12. 0-0 Qe7 13. Rfd1 Nc5 14. Qc2 Nfd7 15. b4 Ne6 16. Qb3 a5 17. b5 Ndc5 18. Qa3 Rfe8 19. Rab1 Bf8 20. bxc6 bxc6 21. Nxe5 f5 22. exf5 gxf5 23. f4 Qh4 24. Ne2 Ra7 25. Nf3 Qh5 26. Qc1 Rg7 27. Kh2 Ne4 28. Rb2 Ba3 29. Qc2 Bxb2 30. Qxb2 h6 31. Qb6 Kh7 32. Qxc6 Rxg2+ 0-1

[Event "SLO-chT NML 31st"]
[Site "Ptuj/Grosuplje"]
[Date "2021.10.22"]
[Round "7.2"]
[White "Tratar, Marko"]
[Black "Bosiocic, Marin"]
[Result "0-1"]
[WhiteElo "2413"]
[BlackElo "2573"]
[PlyCount "128"]
[EventDate "2021.10.08"]
[EventType "team-tourn"]
[EventRounds "9"]
[EventCountry "SLO"]
[SourceTitle "EXT 2023"]
[Source "ChessBase"]
[SourceDate "2022.10.05"]
[SourceVersion "1"]
[SourceVersionDate "2022.10.05"]
[SourceQuality "1"]
[WhiteTeam "Maribor Branik"]
[BlackTeam "Novo Mesto Krka"]
[WhiteTeamCountry "SLO"]
[BlackTeamCountry "SLO"]

1. Nf3 d5 2. d4 Nf6 3. c4 e6 4. Nc3 Bb4 5. e3 0-0 6. Bd3 c5 7. cxd5 exd5 8. dxc5 Nbd7 9. Bd2 Nxc5 10. Be2 Ne6 11. 0-0 a6 12. Rc1 Bd6 13. Qc2 b5 14. a3 Bb7 15. Rfd1 Rc8 16. Be1 Qe7 17. Qf5 g6 18. Qh3 Rc5 19. g3 Rfc8 20. Qf1 Ne4 21. Rb1 Nf6 22. Nd4 Nxd4 23. exd4 R5c7 24. Na2 Ne4 25. Bb4 Bxb4 26. Nxb4 Qf6 27. Bg4 Rd8 28. f3 Ng5 29. h4 Ne6 30. Bxe6 fxe6 31. f4 a5 32. Na2 Rc4 33. Qd3 Ba6 34. b3 Rc6 35. Qe3 Rc2 36. Rd2 Rdc8 37. Rb2 R2c6 38. Qe5 Qxe5 39. fxe5 g5 40. hxg5 Kg7 41. Rh2 R8c7 42. Rbf2 Bc8 43. Rf6 Rc2 44. Rxc2 Rxc2 45. Rf2 Rc7 46. Rf3 Rc2 47. Rf2 Rc7 48. Rf3 Bd7 49. Rc3 Ra7 50. b4 Kg6 51. Rf3 a4 52. Kf2 Kxg5 53. Rc3 Be8 54. Rc5 Kg4 55. Nc3 Rf7+ 56. Ke2 Rf3 57. Nxb5 Bxb5+ 58. Rxb5 Rxg3 59. Rb7 Rxa3 60. Rxh7 Rb3 61. Rb7 Kf5 62. Kd2 a3 63. Rb6 a2 64. Ra6 Ke4 0-1

[Event "SLO-chT NML 31st"]
[Site "Ptuj/Grosuplje"]
[Date "2021.10.17"]
[Round "6.4"]
[White "Plaskan, Jure"]
[Black "Tratar, Marko"]
[Result "1/2-1/2"]
[WhiteElo "2186"]
[BlackElo "2413"]
[PlyCount "59"]
[EventDate "2021.10.08"]
[EventType "team-tourn"]
[EventRounds "9"]
[EventCountry "SLO"]
[SourceTitle "EXT 2023"]
[Source "ChessBase"]
[SourceDate "2022.10.05"]
[SourceVersion "1"]
[SourceVersionDate "2022.10.05"]
[SourceQuality "1"]
[WhiteTeam "Domzale"]
[BlackTeam "Maribor Branik"]
[WhiteTeamCountry "SLO"]
[BlackTeamCountry "SLO"]

1. e4 e6 2. d4 d5 3. exd5 exd5 4. Nf3 Nc6 5. c4 Nf6 6. Be2 Bb4+ 7. Nc3 Ne4 8. Qb3 dxc4 9. Bxc4 0-0 10. d5 Bxc3+ 11. bxc3 Na5 12. Qb4 Nxc4 13. Qxc4 Nd6 14. Qd4 Re8+ 15. Be3 Re4 16. Qd3 Bf5 17. 0-0 Rg4 18. Qe2 Qe7 19. Nd4 Re4 20. Qb2 Bd7 21. Qb3 b6 22. Bd2 Re8 23. f3 Rxd4 24. cxd4 Qf6 25. Rae1 Qxd4+ 26. Be3 Qf6 27. Bd2 Qd4+ 28. Be3 Qf6 29. Bd2 Qd4+ 30. Be3 1/2-1/2

[Event "Trieste op 23rd"]
[Site "Trieste"]
[Date "2021.09.04"]
[Round "9"]
[White "Tratar, Marko"]
[Black "Sumets, Andrey"]
[Result "1/2-1/2"]
[WhiteElo "2424"]
[BlackElo "2546"]
[PlyCount "52"]
[EventDate "2021.08.28"]
[EventType "swiss"]
[EventRounds "9"]
[EventCountry "ITA"]
[SourceTitle "CBM 204 Extra"]
[Source "ChessBase"]
[SourceDate "2021.11.30"]
[SourceVersion "1"]
[SourceVersionDate "2021.11.30"]
[SourceQuality "1"]

1. d4 Nf6 2. c4 e6 3. g3 d5 4. Nf3 Bb4+ 5. Bd2 Be7 6. Bg2 0-0 7. 0-0 c6 8. Qc2 b6 9. Rd1 Bb7 10. Bf4 Nh5 11. Bc1 Nf6 12. Bf4 Nh5 13. Bc1 Nf6 14. Bf4 Nbd7 15. Ne5 Nh5 16. Bd2 Nhf6 17. cxd5 cxd5 18. Nc6 Bxc6 19. Qxc6 Rc8 20. Qa4 Qc7 21. Nc3 Qb7 22. e3 a6 23. Qb3 Rc7 24. Rdc1 b5 25. Ne2 Nb6 26. Rxc7 Qxc7 1/2-1/2